Cuestión filipina (Record no. 162404)

MARC details
000 -LEADER
campo de control de longitud fija 01090nam a2200253 i 4500
001 - NÚMERO DE CONTROL
campo de control 162404
003 - IDENTIFICADOR DE NÚMERO DE CONTROL
campo de control ES-MaACL
005 - FECHA Y HORA DE LA ÚLTIMA TRANSACCIÓN
campo de control 20230906212522.0
008 - DATOS DE LONGITUD FIJA--INFORMACIÓN GENERAL
campo de control de longitud fija 041115s1901 ja bcf |||| | jpn d
080 ## - NÚMERO DE LA CLASIFICACIÓN DECIMAL UNIVERSAL
Número de la Clasificación Decimal Universal 94(599)"1896/98"
100 1# - ENTRADA PRINCIPAL--NOMBRE DE PERSONA
Nombre de persona Ponce, Mariano.
9 (RLIN) 131258
245 10 - MENCIÓN DEL TÍTULO
Título Cuestión filipina
Resto del título : una exposition [sic] histórico-crítica de hechos relativos a la guerra de la independencia /
Mención de responsabilidad, etc. Mariano Ponce ; traducida por H. Miyamoto y S. Foudzita.
260 ## - PUBLICACIÓN, DISTRIBUCIÓN, ETC.
Lugar de publicación, distribución, etc. Yokohama :
Nombre del editor, distribuidor, etc. [Tokyo Senmon Gakko],
Fecha de publicación, distribución, etc. 1901.
300 ## - DESCRIPCIÓN FÍSICA
Extensión 120 h., [13] h. lám., [1] h. pleg. de mapa ;
Dimensiones 23 cm.
530 ## - NOTA DISPONIBLE DE FORMULARIO FÍSICO ADICIONAL
Nota de formato físico adicional disponible Disponible en formato digital.
546 ## - NOTA DE IDIOMA
Nota de lengua/lenguaje Texto en japonés.
597 ## - NOTA DE DESCRIPCIÓN FÍSICA
NOTA DE DESCRIPCIÓN FÍSICA Pie de imp. y pag. respetando el sentido inverso.
599 ## - NOTA A LAS ILUSTRACIONES
NOTA A LAS ILUSTRACIONES Lám: principalmente retratos.
651 #4 - PUNTO DE ACCESO ADICIONAL DE MATERIA--NOMBRE GEOGRÁFICO
Nombre geográfico Filipinas-
Subdivisión general Historia-
Subdivisión cronológica 1896-1898, Insurrección.
9 (RLIN) 155351
700 1# - ENTRADA AGREGADA--NOMBRE PERSONAL
Nombre de persona Miyamoto, M.
9 (RLIN) 130000
700 1# - ENTRADA AGREGADA--NOMBRE PERSONAL
Nombre de persona Foudzita, S.
9 (RLIN) 141190
852 ## - LOCALIZACIÓN
Ubicación ES-MaACL
Número de control de estantería G-11467
Nota libre . - Dedicatoria autógrafa del autor
856 ## - LOCALIZACIÓN Y ACCESO ELECTRÓNICOS
Identificador Uniforme de Recursos <a href="http://bdh-rd.bne.es/viewer.vm?id=0000040781&page=1 ">http://bdh-rd.bne.es/viewer.vm?id=0000040781&page=1 </a>
Nota pública Biblioteca Digital Hispánica
Holdings
Estatus retirado Estado de pérdida Estado de daño No para préstamo Colección Biblioteca de origen Biblioteca actual Ubicación en estantería Fecha de adquisición Fuente de adquisición Total de préstamos Signatura topográfica completa Código de barras Visto por última vez Precio de reemplazo Tipo de ítem Koha
        Colección digital Biblioteca del Ateneo de Madrid Biblioteca del Ateneo de Madrid Sala Pecera Planta 3 17/01/2008     G-11467 1170140 23/02/2023 23/02/2023 Libro impreso antiguo